[Event "ITA-ch U20"]
[Site "Tarvisio"]
[Date "2023.07.03"]
[Round "2"]
[White "Buccio, Maddalena"]
[Black "Manco, Amaliya"]
[Result "0-1"]
[WhiteElo "1209"]
[BlackElo "1513"]
[PlyCount "96"]
[EventDate "2023.07.02"]
[EventType "swiss"]
[EventRounds "9"]
[EventCountry "ITA"]
[SourceTitle "EXT 2024"]
[Source "ChessBase"]
[SourceDate "2023.10.10"]
[SourceVersion "1"]
[SourceVersionDate "2023.10.10"]
[SourceQuality "1"]

1. d4 Nf6 2. c4 e5 3. Nf3 exd4 4. Nxd4 Bc5 5. Nc3 a6 6. Bg5 d6 7. e3 Nbd7 8. Be2 Ne5 9. 0-0 h6 10. Bh4 Ng6 11. Bg3 0-0 12. Rc1 Re8 13. h3 Ba7 14. Bf3 Ne5 15. Be2 c6 16. Nf3 Bf5 17. Nxe5 dxe5 18. Qb3 Qe7 19. Rfd1 Rad8 20. Bh4 g5 21. Bg3 Kg7 22. Rxd8 Rxd8 23. Rd1 Rxd1+ 24. Qxd1 Ne8 25. Bg4 Nd6 26. Qf3 Bxg4 27. Qxg4 f6 28. b3 Bc5 29. Qd1 Bb4 30. Ne2 Qe6 31. f3 h5 32. e4 g4 33. hxg4 hxg4 34. Qf1 f5 35. exf5 Nxf5 36. fxg4 Nxg3 37. Nxg3 Bc5+ 38. Kh2 Qxg4 39. Nf5+ Kg6 40. Qf3 Qxf5 41. Qg3+ Kh6 42. Qh4+ Qh5 43. Qxh5+ Kxh5 44. Kg3 Kg5 45. Kf3 Kf5 46. g4+ Kg5 47. Ke4 Bd6 48. Kf3 Kh4 0-1